| 000 | 00360nam a22001577a 4500 | ||
|---|---|---|---|
| 020 | _a978-0-14-131885-1 | ||
| 082 |
_a823 _bCOP/S |
||
| 100 | _aCOPF, ANDREW | ||
| 245 |
_aSPY DOG'S _bSHORT STORY |
||
| 246 |
_aSPY DOGS _bSHORT STORY |
||
| 260 |
_aLONDON _bPENGUIN BOOKS _c2006 |
||
| 300 | _a164 | ||
| 520 | _aSHORT STORY | ||
| 650 | _aSHORT STORY | ||
| 942 | _cBK | ||
| 999 |
_c1787 _d1787 |
||